00435 a2200121 4500100003400000245006200034300003400096650002000130773005100150942000700201952008800208999001700296 aWUNPINI, Haruna Yussif924110 aNew Juaben South development on coursebSafe seat for NPP aFriday, June 23. Page 16 & 17 aPolitics9252020 tDaily GraphicdAccra Daily Graphic 2023x22196 cPR 001040718PRaPLbPLcTFEWd2023-07-17l0r2023-07-17 00:00:00t1w2023-07-17yPR c45447d45447